मुस्लिम-परिवेश की विशिष्ट कहानियाँ (Record no. 1259074)

MARC details
000 -LEADER
fixed length control field 00831nam a2200193Ia 4500
008 - FIXED-LENGTH DATA ELEMENTS--GENERAL INFORMATION
fixed length control field 151121s9999||||xx |||||||||||||| ||und||
082 ## - DEWEY DECIMAL CLASSIFICATION NUMBER
Classification number 833- / झारी
082 ## - DEWEY DECIMAL CLASSIFICATION NUMBER
Item number HNW-77658
100 ## - MAIN ENTRY--PERSONAL NAME
Personal name झारी विजयदेव - संपा ।
245 ## - TITLE STATEMENT
Title मुस्लिम-परिवेश की विशिष्ट कहानियाँ
260 ## - PUBLICATION, DISTRIBUTION, ETC. (IMPRINT)
Name of publisher, distributor, etc लिट्रेसी हाऊस
260 ## - PUBLICATION, DISTRIBUTION, ETC. (IMPRINT)
Date of publication, distribution, etc --
300 ## - PHYSICAL DESCRIPTION
Extent 176
600 ## - SUBJECT ADDED ENTRY--PERSONAL NAME
Personal name झारी विजयदेव - संपा ।
630 ## - SUBJECT ADDED ENTRY--UNIFORM TITLE
Uniform title मुस्लिम-परिवेश की विशिष्ट कहानियाँ
700 ## - ADDED ENTRY--PERSONAL NAME
Personal name झारी विजयदेव - संपा ।
730 ## - ADDED ENTRY--UNIFORM TITLE
Uniform title मुस्लिम-परिवेश की विशिष्ट कहानियाँ
942 ## - ADDED ENTRY ELEMENTS (KOHA)
Koha item type Book
Holdings
Withdrawn status Lost status Damaged status Not for loan Home library Current library Date acquired Cost, normal purchase price Total Checkouts Full call number Barcode Date last seen Cost, replacement price Price effective from Koha item type
        Hirachand Nemchand Wachanalaya, Solapur Hirachand Nemchand Wachanalaya, Solapur 11/21/2015 200.00   HNW-77658 HNW-77658 11/21/2015 200.00 11/21/2015 Book